Normal view
MARC view
- Legato, Robert
Entry Personal Name
001 - CONTROL NUMBER
- control field: 738
003 - CONTROL NUMBER IDENTIFIER
- control field: OSt
005 - DATE AND TIME OF LATEST TRANSACTION
- control field: 20250820125130.0
008 - FIXED-LENGTH DATA ELEMENTS
- fixed length control field: 250820|| aca||aabn | a|a d
040 ## - CATALOGING SOURCE
- Original cataloging agency: OSt
- Transcribing agency: OSt
100 ## - HEADING--PERSONAL NAME
- Personal name: Legato, Robert
670 ## - SOURCE DATA FOUND
- Source citation: Work cat.: (OSt)751003: Legato, Robert, Typesetting mathematics with latex, 2025
